000 00718nam a2200253Ia 4500
003 OSt
005 20220918223809.0
006 a|||||r|||| 00| 0
007 ta
008 220917b |||||||| |||| 00| 0 eng d
024 _a225,195
037 _cTextual
040 _aARTS
_cARTS
_beng
041 _2eng
_aeng
082 _aS15:53, P5
100 _aKerns Kathryn A. Ed.
_9146675
245 0 _aAttachment in middle childhood
260 _aNew York
_bThe Guilford Press
_c2005
300 _axiv, 289p.
_ccm.
650 _aPSYCHOLOGY
700 _a Richardson Rhinda A. Ed.
_9146676
942 _hS15:53, P5
_cTEXL
_2CC
999 _c279495
_d279495